Statistiken für Typische Aufstellung eines Orchesters

Klicken Sie hier um das Quiz zu spielen!

Allgemein

  • Dieses Quiz wurde 103 mal gespielt
  • Das Durchschnittsergebnis liegt bei 6 aus 17

Antwortstatistiken

% Korrekt
Dirigent
70%
Harfe, Celesta, Klavier, etc
49%
Tuba
44%
Trompeten
39%
Flöten
38%
Posaunen
38%
Schlagwerk (-zeug)
38%
Klarinetten
37%
Hörner
34%
Pauken
34%
Oboen
33%
Bratschen
31%
Kontrabässe
30%
Fagotte
28%
1. Violinen
19%
2. Violinen
19%
Violoncelli
15%

Verteilung der Resultate

Perzentil nach korrekt beantworteten Fragen

Anzahl Personen mit jedem Resultat

Ihre Resultats-Entwicklung

Sie haben dieses Quiz noch nicht gespielt